Biblioteca

Los profetas y la ciudad (Registro nro. 51856)

Detalles MARC
000 -LÍDER
Campo fijo de descripción fija 01026aab a2200193 i 4500
001 - NÚMERO DE CONTROL
Campo de control 768714001
003 - IDENTIFICADOR DEL NÚMERO DE CONTROL
Campo de control CO-MdFUSB
005 - FECHA Y HORA DE LA ULTIMA TRANSACCIÓN
control field 20240618062717.0
008 - ELEMENTOS DE LONGITUD FIJA -- INFORMACIÓN GENERAL
Campo fijo de descripción fija -- Información general 240404t1989 ag ||||| |||| 00| 0 spa d
040 ## - FUENTE DE CATALOGACIÓN
Idioma de catalogación spa
Agencia que realiza la transcripción CO-MdFUSB
041 ## - CÓDIGO DE IDIOMA
Código de idioma para texto/pista de sonido o título separado spa
100 1# - ASIENTO PRINCIPAL--NOMBRE PERSONAL
Nombre personal Breneman, Mervin (1930-)
Término relacionador autor
245 14 - TÍTULO
Título Los profetas y la ciudad
Mención de responsabilidad / Mervin Breneman
300 ## - DESCRIPCIÓN FÍSICA
Extensión Volumen 8, número 4 (diciembre, 1989), páginas: 21 - 24
Dimensiones ; 27 cm
520 ## - NOTA DE RESUMEN, ETC.
Nota de sumario, etc. Es fácil hablar contra la injusticia y señalar a los más ricos como culpables. Pero los profetas como Isaías y Amós tuvieron que mostrar a los "buenos israelitas", "buenos creyentes", que éstos eran culpables de quebrantar indirectamente los mandamientos "no matarás" y "no hurtarás" por sus decisiones económicas. Quizá hacían todo "legalmente" pero estaban oprimiendo a sus propios hermanos israelitas.
650 #0 - ASIENTO SECUNDARIO DE MATERIA - TERMINO TEMÁTICO
Término temático o nombre geográfico como elemento de entrada Misiones
9 (RLIN) 154
773 0# - ASIENTO DE ITEM FUENTE
Título Iglesia y Misión
Biblionumber 49402
Itemnumber 59672
Parte(s) relacionada(s) / Volumen., número. (mes año), páginas Volumen 8, número 4 (diciembre, 1989), páginas: 21 - 24
Enumeración y primera página páginas: 21
942 ## - TIPO DE MATERIAL (KOHA)
Tipo de Item KOHA Artículos de Revista

No hay ítems disponibles.

Biblioteca FUSBC | Teléfono: (57+4) 349 88 10 Ext. 141| WhatsApp (+57) 3005338115 
E-mail: biblioteca@unisbc.edu.co | Calle 76 87-14 Robledo Palenque, Medellín, Colombia

Con tecnología Koha